000 00486nam a2200145 a 4500
008 120416s1958 ||||||||||||||||| || u
020 _a0198531419
050 _aQA 308 Fer
100 _aFerrar, William Leonard
245 1 0 _aIntegral calculus
260 _aOxford
_bOxford University Press
_c1958
300 _a275p.
350 _a0.00
995 _D0.00
_FCBU-MAIN LIBRARY (Kitwe)
_H1
_I18.90
_M1
_UDAMAGED
_ZMain Library Open Access Collection
999 _c47121
_d47121